| 000 | 00542nam a22002057a 4500 | ||
|---|---|---|---|
| 005 | 20250303103701.0 | ||
| 008 | 250303b |||||||| |||| 00| 0 eng d | ||
| 020 |
_a978-93-5002-611-3 _cRs.250.00 |
||
| 040 | _aLoreto College | ||
| 041 | _aEnglish | ||
| 082 |
_a302.23 _bSRE |
||
| 100 | _aSreedher, R. | ||
| 245 |
_aCommunity radio in India _bR. Sreedher and Pooja O. Murada |
||
| 260 |
_aDelhi _bAakar _c2019 |
||
| 300 |
_a208p. _b22cm. |
||
| 650 | _aMedia studies | ||
| 700 |
_4Auth _aMurada, Pooja O. |
||
| 850 | _aLCLIB | ||
| 942 | _cBK | ||
| 999 |
_c43929 _d94408 |
||